01013nam a22002657a 450000500170000001000150001702000230003202000260005503500130008103500130009403700150010703700170012208200080013908200150014710000200016224500390018226000460022127000620026730000300032950000190035994200290037899900170040795201380042495201850056220140606105618.0 aENG-106564 a0198075367c195.00 a9780198075363c195.00 aEN-90097 aB-506663 bDBAD / PUB bBSB/Venadpl a307 a307.760954 aShaw, Annapurna aIndian cities /cby Annapurna Shaw aNew Delhi bOxford University Pressc2012 aYMCA Library Building, Jai Singh RoadbNew Delhi e110001 axxxii, 200p.c20cm (pbk)  aIncludes index 2ddccENmSHAh307.760954 c72962d72962 00102ddc40708NFICaDBADbDBADd2013-01-15eDBAD/PUBg195.00l0o307 SHApEN-90097r2013-01-15 00:00:00t1v195.00w2013-01-15yEN 001040708NFICaLbLd2014-06-06eBSB/880/09.03.2013/169/08.03.2013/22.03.2013g195.00l7m1o307.760954 SHApB-506663r2018-12-03 00:00:00s2018-11-19t1v195.00w2014-06-06yEN